000
00235nam a2200097Ia 4500
001
710182
005
20250826162744.0
008
250824s9999 xx 000 0 und d
245
0
_a
TAKILI KALDI
_c
OLIVER JEFERS
260
_b
KETEBE YAYINLARI
999
_c
710182
_d
710182